Licetvs Leonis Allatii Carmine Expressvs

Bibliographic Details
Main Author: Allacci, Leone 1586-1669 (Author)
Corporate Author: Mascardi, Vitale (Rím, Taliansko) (Printer)
Other Authors: Citois, François (Author of introduction, etc.), Mascardi, Vitale, 1594-1666 (Printer)
Format: Book
Language:Latin
Greek, Modern (1453- )
PhysicalDescription:6 nečíslovaných strán, 11, 47 strán 21 cm‬
Subjects:

MARC

LEADER 00000nam a2200000 4500
001 vtls012234369
003 SK-MaSNL
005 20260302052620.0
008 230704t1641 it a r 000 0 lat
015 |a SNBHFA1641 
040 |a SNKHF  |b slo  |c SNK  |e rda 
041 |a lat  |a gre 
044 |a it  |c IT 
072 7 |a 821.09  |x Literatúra v rôznych jazykoch (o nej)  |2 konspekt 
080 |a 821(37/38)  |2 2001 
100 1 |a Allacci, Leone  |d 1586-1669,  |4 aut  |9 366942 
245 1 0 |a Licetvs Leonis Allatii Carmine Expressvs 
264 3 |a Romae  |b Typis Mascardi  |c MDCXLI (1641) 
300 |a 6 nečíslovaných strán, 11, 47 strán  |c 21 cm‬ 
336 |a text  |b txt  |2 rdacontent 
337 |a bez média  |b n  |2 rdamedia 
338 |a zväzok  |b nc  |2 rdacarier 
500 |a Kustódy, ilustrovaný titulný list, iniciály s ornamentálnym pozadím na 9 riadkov 
501 |a Príväzok 1: Leonis Allatii Hellas. In Natales Delphini Gallici. Romae Excudebat Mascardus MDCXLII.  |5 SNK IC 145727/prív. 1 
563 |a Väzba pôvodná, kožená.  |5 SNK IC 145727 
650 0 7 |a antická literatúra  |2 SNKPH  |9 92203 
700 1 |a Citois, François  |4 aui  |9 709661 
700 1 |a Mascardi, Vitale,  |d 1594-1666  |4 prt  |9 553404 
710 0 |a Mascardi, Vitale (Rím, Taliansko)  |4 prt  |9 553405 
752 |a Taliansko  |d Rím 
852 |a snk  |b Aponiovská knižnica  |p IC 145727 
958 |a DC 
958 |a ONDV 
999 |c 1105944  |d 1107874 
952 |t Op. II/330  |a SNK  |b SNK  |c SNK_HF  |y PREZ  |7 0  |p 17A1484748  |o snkIC 145727  |i snk2023/10463  |8 5  |0 0  |1 0  |4 0  |d 2023-07-04  |l 0  |r 2026-02-24 17:45:05  |w 2026-02-24